| 000 | 00580nam a2200193 u 4500 | ||
|---|---|---|---|
| 005 | 20220916063629.0 | ||
| 008 | 151027s2007 r 000 0 eng d | ||
| 020 | _a9788496788213 | ||
| 035 | _aUPN01000206403 | ||
| 049 | _aI | ||
| 050 | 4 |
_aQA141.3 _bG3.4 |
|
| 100 | 1 |
_aGalán, Bruno Pep, _d1971- _936586 |
|
| 245 | 1 | 0 |
_aLibro de contar / _cPep Bruno ; il. de Mariona Cabassa. |
| 260 |
_aPontevedra, Esp. : _bOQO, _c2007. |
||
| 300 |
_a[34] p. : _bil. col. |
||
| 650 | 4 |
_aNUMEROS EN LA LITERATURA _912996 |
|
| 650 | 7 |
_aLibros ilustrados para niños _2 _921365 |
|
| 905 | _aInfantil | ||
| 999 |
_c178504 _d178504 |
||